000 00678nam a2200205 a 4500
005 20240920064139.0
008 991125s1995 mx 000 0 spa u
020 _a9686898484
035 _aUPN01000018200
049 _aCG
050 4 _aLA912
_bE38
245 0 0 _aEducación y cultura :
_brevista de los maestros españoles en el exilio 1940 /
_cselec. y presentación de textos Valentina Cantón Arjona.
260 _aMéxico :
_bUPN,
_c1995.
300 _a127 p.
440 0 _aTextos ;
_v2
650 4 _aEducación
_zEspaña
_96843
650 4 _aEducación
_vPublicaciones periódicas
_916004
700 1 _aCantón Arjona, Valentina,
_d1952-
_ecomp.
_928646
905 _aLibro
999 _c18200
_d18200